000 00838nam a22002297a 4500
999 _c19861
_d19861
003 AR-CdUCM
008 190221b ||||| |||| 00| 0 spa d
040 _aMUNICIPALIDAD PROVINCIAL DEL CUSCO
_cBIBLIOTECA MUNICIPAL DEL CUSCO
082 _a869.56 /
_bS21
100 _aSánchez, Luis Alberto
_9401
245 _aLa literatura Peruana :
_bDerrotero para una historia cultural del Perú /
260 _aLima :
_bEdiventas,
_c1966.
300 _aTomo v
_c24 cm.
500 _aDel 1577 al 1846 páginas
505 _aContenido : t. 5 : Apuntes sobre la generación de los 30 -- Dos amaneceres y una implicancia -- Los prosadores...
650 _aHistoria de la literatura
_919724
650 _aAmeericana
_924541
650 _aLiteratura peruana.
_9169
650 _aLiteratura virreynal
_941521
942 _2ddc
_cLIBROS
945 _arcc